| 000 | 00439nam a2200145Ia 4500 | ||
|---|---|---|---|
| 008 | 151021s9999 xx 000 0 und d | ||
| 020 | _a8170002958 | ||
| 050 | _aZ 678.9 A1P153 2000 | ||
| 245 | _a_Library Information Technology Decision Maker's Manual Panigrahi P.M. | ||
| 260 | _aNew Delhi Ess Ess 2000 | ||
| 300 | _a338p,;ill | ||
| 500 | _aIncludes index | ||
| 650 | _a_Network Communication | ||
| 980 | _a^d20120130 10:44:37^oanne | ||
| 999 |
_c8790 _d8790 |
||